INFERNO (Record no. 28951)

MARC details
000 -LEADER
fixed length control field 00293nam a2200133Ia 4500
008 - FIXED-LENGTH DATA ELEMENTS--GENERAL INFORMATION
fixed length control field 240624s9999 xx 000 0 und d
041 ## - LANGUAGE CODE
Language code of text/sound track or separate title eng
082 ## - DEWEY DECIMAL CLASSIFICATION NUMBER
Classification number 823 BRO
100 ## - MAIN ENTRY--PERSONAL NAME
Personal name BROWN DAN
245 ## - TITLE STATEMENT
Title INFERNO
260 ## - PUBLICATION, DISTRIBUTION, ETC.
Date of publication, distribution, etc. 2013
Place of publication, distribution, etc. New Delhi
Name of publisher, distributor, etc. Random House
300 ## - PHYSICAL DESCRIPTION
Extent 528 , p.
365 ## - TRADE PRICE
Currency code BPS
Holdings
Withdrawn status Lost status Damaged status Not for loan Home library Current library Shelving location Date acquired Cost, normal purchase price Total Checkouts Total Renewals Full call number Barcode Date due Date last seen Date last checked out Price effective from Koha item type
        IMTN IMTN Rack 39-A 08/12/2017 20.00 4 2 823 BRO 28951 01/26/2026 01/16/2026 01/16/2026 06/24/2024 Books
Designed & Maintained by: LRC IMT Nagpur Contact: lrc@imtnag.ac.in© 2024. All Rights Reserved.